000 01637nam a2200313Ia 4500
999 _c56172
_d56172
001 23273
003 GE_BSU
005 20230727162050.0
008 181216s2018||||ge |||||||||||||| ||geo||
020 _a9789941473715
040 _cGE_BSU
041 _ageo
080 _a94(479.22) გ-60
100 _aგოგიტიძე, მამუკა
_919544
245 _aსაქართველოს 100(ასი) ბრძოლა :
_bდამხმარე სახელმძღვანელო /
_cმამუკა გოგიტიძე, გ. ბეჟიტაშვილი, მამია გოგოლაძე ; რედ. გ. ბეჟიტაშვილი.
264 _aთბილისი :
_bმწიგნობარი,
_c2018.
300 _a280 გვ. ;
_c21 სმ.
504 _aბიბლიოგრაფია : გვ.273-279
520 _aრეზიუმე ქართულ და ინგლისურ ენაზე
541 _h15 ლ.
653 _aდამხმარე სახელმძღვანელო
653 _aისტორია
653 _aსაქართველოს 100(ასი) ბრძოლა
700 _aბეჟიტაშვილი, გ.
_eავტორი
_919547
700 _aგოგოლაძე, მამია
_eავტორი
_92379
700 _aბეჟიტაშვილი, გ.
_eრედაქტორი
_919547
710 _aსაქართველოს სამხედრო ისტორიის საზოგადოება
_92383
942 _cBK
_2udc